000 00703nam a22002657a 4500
003 UA-OsUOA
001 24634
007 ta
008 20040224b un ||||| |||| 00| 0 ukr d
100 _aКоваленко М.А.
700 _aРадванська Л.М.
090 _a332.85
_bК11
942 _cBK
040 _aUA-OsUOA
_bukr
_cUA-OsUOA
_dUA-OsUOA
245 _aРинок нерухомості: фінансові аспекти
_bНавчальний посібник
300 _a160 с.
955 _a0
041 _aukr
080 _a332.85
020 _a966-7914-56-9
260 _aХерсон
_bОЛДІ-плюс
_c2002
044 _aUA
650 7 _2UDC
999 _c310913
_d310913